000 03129nam a2200337Ia 4500
003 CO-CtgCURN
005 20250901232259.0
008 190726s2005 xx 000 0 und d
020 _a9507314644
040 _aCO-CtgCURN
_bspa
_ccoctgcurn
082 _aM863.44
_bG633m
100 _aGómez, María Idalia
_eautora
245 0 _aCon la muerte en el bolsillo :
_bseis desaforadas historias del narcotráfico /
_cMaria Idalia Gómez; Darío Fritz
250 _a1 edición
260 _aBuenos Aires, Argentina :
_bSeix Barral,
_c2005
300 _a382 páginas ;
_c23 centímetros
490 _aCrónicas
500 _aIncluye prefacio e índice
504 _aIncluye referencias bibliográficas (p. [378]-381)
505 _aCon la muerte en el bolsillo -- En la frontera -- Cuando la prisión era una fiesta Hora cero -- Grabaciones lejanas -- Cuatro días.
520 _aEl modus operandi es el siguiente: el narcotráfico primero muestra su cara más benigna, la de ofrecer y recompensar. Si no logra reclutar, entonces recurre al desprestigio, y finalmente ejecuta. Ubicadas en la década del noventa, cuando el auge de los narcotraficantes obligó al estado mexicano a concentrar fuerzas para no ser sometido, estas seis crónicas desaforadas relatan, con los mejores recursos de la ficción, el crecimiento arrasador de los hermanos Arellano Félix; la vida u muerte del señor de los cielos; el sueño del dinero fácil de una familia de Colima, pionera del tráfico de anfetaminas; el caso de unos transportistas de Michoacán que, adiestrados por traficantes colombianos, se transformaron en los más poderosos del occidente mexicano; el irresistible ascenso de un tamaulipeco capaz de destruir el mito de la seguridad del penal de la palma y desafiar a las autoridades; las labores del espionaje mexicano, las operaciones de la DEA y las contradictorias políticas de colaboración antinarcóticos con los Estados Unidos. Con la muerte en el bolsillo, desentrañan cómo operan los carteles mas destacados desde el punto de vista "empresarial", cuáles son sus códigos internos, conexiones y vínculos, la guerra descarnada por el poder, sus relaciones con el gobierno y el ejército, la intrincada y soterrada estructura social que permite la existencia y desarrollo de la cultura de narco. Con el ritmo vertiginoso de las mejores novelas policiales, Maria Idalia Gómez y Darío Fritz han conseguido retratar de la manera más veraz la violencia, la miseria, las cloacas y las batallas de un negocio cruento, al que pocos se le animan, porque se ha ido metiendo en la medula y los bolsillos de campesinos, profesionales, policías, militares y funcionarios.
521 _aAREA BASICA
586 _aPremio Planeta de periodismo 2005, en México
590 _aTodos los programas académicos
650 _aNovela mexicana
650 _aNarcotráfico
_vAnécdotas
_zMéxico
650 _aControl de drogas y narcóticos
_zMéxico
700 _aFritz, Darío
_eautor
942 _cBK
_hM863.44
_iG633m
_02
_2ddc
_n0
999 _c30527
_d30527